|
|
|
|
| LEADER |
01107cam a2200289 a 4500 |
| 001 |
c000218708 |
| 003 |
CARM |
| 005 |
19880202000000.0 |
| 008 |
860730s1987 njua b 001 0 eng |
| 019 |
1 |
|
|a 4791643
|5 LACONCORD2021
|
| 020 |
|
|
|a 0133291863 :
|c $28.95
|
| 035 |
|
|
|a (OCoLC)14098721
|5 LACONCORD2021
|
| 040 |
|
|
|a LC
|b eng
|c LC
|d VERC
|
| 043 |
|
|
|a n-us---
|
| 050 |
0 |
0 |
|a LB1715
|b .T675 1987
|
| 082 |
0 |
4 |
|a 370/.7/1
|2 19
|
| 100 |
1 |
|
|a Travers, Paul D.,
|d 1936-
|
| 245 |
1 |
0 |
|a Foundations of education :
|b becoming a teacher /
|c Paul D. Travers, Ronald W. Rebore.
|
| 260 |
|
|
|a Englewood Cliffs, N.J. :
|b Prentice-Hall,
|c c1987.
|
| 300 |
|
|
|a xiv, p. 381 p. :
|b ill. ;
|c 26 cm.
|
| 504 |
|
|
|a Includes bibliographies and index.
|
| 650 |
|
0 |
|a Teachers
|x Training of
|z United States.
|
| 650 |
|
0 |
|a Education
|x Study and teaching
|z United States.
|
| 700 |
1 |
|
|a Rebore, Ronald W.
|
| 852 |
8 |
|
|b CARM
|h A2:AL15G0
|i C08153
|p 0275818
|f BK
|
| 999 |
f |
f |
|i 90d65e21-d0d4-5d4a-8fef-70dda8ff4067
|s 69aead52-65a1-57d5-a8ae-e35d8ce6cebc
|
| 952 |
f |
f |
|p Can circulate
|a CAVAL
|b CAVAL
|c CAVAL
|d CARM 1 Store
|e C08153
|f A2:AL15G0
|h Other scheme
|i book
|m 0275818
|